Geographic names in song titles - Statistics

General Stats
  • This quiz has been taken 37 times
  • The average score is 12 of 20
Answer Stats
Artist Title % Correct
Lynyrd Skynyrd Sweet Home {Alabama}
97%
Madonna Don't Cry for Me {Argentina}
94%
Elvis Presley Viva {Las Vegas}
90%
The Mamas & the Papas {California} Dreaming
87%
The Clash {London} Calling
84%
Billy Joel {New York} State of Mind
84%
Bruce Springsteen Streets of {Philadelphia}
74%
Marc Cohn Walking in {Memphis}
71%
Scott McKenzie {San Francisco} (Be Sure To Wear Flowers In Your Hair)
68%
Mikis Theodorakis Zorba the {Greek}
68%
Boney M Rivers of {Babylon}
65%
Murray Head One Night in {Bangkok}
61%
Enya {Orinoco} Flow
61%
Alphaville Big in {Japan}
55%
Ed Sheeran {Galway} Girl
35%
Freddie Mercury & Montserrat Caballe {Barcelona}
32%
UB40 {Kingston} Town
32%
Sash! {Ecuador}
6%
Goombay Dance Band Sun of {Jamaica}
3%
Mike Oldfield (Never going to get) to {France}
0%
No matching quizzes found
Score Distribution
Percent of People with Each Score
Percentile by Number Answered
Your Score History
You have not taken this quiz